Measuring the economic impact of cooperatives in Minnesota /

Bibliographic Details
Main Author: Folsom, Joe
Corporate Author: United States. Rural Business/Cooperative Service
Format: Government Document Microform Book
Language:English
Published: Washington, D.C. : U.S. Dept. of Agriculture, Rural Business-Cooperative Service, [2003]
Series:RBS research report ; 200.
Subjects:
Online Access:Adobe Acrobat Reader required

MARC

Tag First Indicator Second Indicator Subfields
LEADER 00000cam a2200000Ia 4500
001 in00002569421
007 he bmb024bbca
008 040421s2003 dcu bb f000 0 eng d
005 20230331150320.8
035 |a (OCoLC)ocm54995354 
035 |a (OCoLC)54995354 
035 |a in00002569421 
040 |a ANG  |c ANG  |d OCLCQ  |d COD  |d TXA  |d UtOrBLW 
043 |a n-us-mn 
049 |a TXAM 
074 |a 0064-A (MF) 
074 |a 0064-A (online) 
086 0 |a A 109.10:200 
100 1 |a Folsom, Joe. 
245 1 0 |a Measuring the economic impact of cooperatives in Minnesota /  |c Joe Folsom. 
264 1 |a Washington, D.C. :  |b U.S. Dept. of Agriculture, Rural Business-Cooperative Service,  |c [2003] 
300 |a i, 20 pages 
336 |a text  |b txt  |2 rdacontent 
337 |a microform  |b h  |2 rdamedia 
338 |a microfiche  |b he  |2 rdacarrier 
490 1 |a RBS research report ;  |v 200 
500 |a Shipping list number: 2004-0182-M. 
500 |a "December 2003." 
530 |a Also available via Internet from the USDA web site. Address as of 4/14/04: http://www.rurdev.usda.gov/rbs/pub/RR200.pdf; current access is available via PURL. 
504 |a Includes bibliographical references (pages 11-12). 
533 |a Microfiche.  |b [Washington, DC] :  |c Supt. of Docs., U.S. G.P.O.,  |d 2004.  |e 1 microfiche : negative.  |7 s2004 dcun b 
500 |a Microform. 
650 0 |a Cooperative societies  |z Minnesota  |x Finance. 
650 0 |a Agricultural surveys  |z Minnesota. 
710 1 |a United States.  |b Rural Business/Cooperative Service. 
856 4 1 |u https://purl.fdlp.gov/GPO/LPS47372  |z Adobe Acrobat Reader required  |t 0 
830 0 |a RBS research report ;  |v 200. 
994 |a C0  |b TXA 
948 |a cataloged  |b h  |c 2010/04/29  |e mansari  |f 04:04:00 pm 
999 |a MARS 
999 f f |i 4bc40256-009f-3dbe-8f75-eedac591d9bd  |s d65227d4-8899-32e8-986c-dcb571acfc01  |t 0 
952 f f |a Texas A&M University  |b College Station  |c Electronic Resources  |d Available Online  |t 0  |e A 109.10:200  |h Superintendent of Documents classification 
998 f f |a A 109.10:200  |t 0  |l Available Online